| 000 | 00639nam a2200205Ia 4500 | ||
|---|---|---|---|
| 003 | GCL | ||
| 008 | 140319s9999 xx 000 0 ara d | ||
| 040 |
_aGCL / _cGCL |
||
| 082 | 0 | 4 |
_a791.437 _bف ف |
| 100 | 1 | _aفال، يوجين | |
| 245 | 1 | 0 |
_aفن كتابة السيناريو / _cفال، يوجين |
| 700 | 1 | _aمصطفى محرم | |
| 300 | _a251 ص | ||
| 490 |
_aالالف كتاب الثانى _v0 |
||
| 650 | 0 | 4 | _aالافلام السينمائية |
| 650 | 0 | 4 | _aالتصوير السينمائى |
| 650 | 0 | 4 | _aالتمثيل فى السينما |
| 650 | 0 | 4 | _aالسينما - صناعة وتجارة |
| 942 |
_2ddc _cBK |
||
| 999 |
_c52039 _d52039 |
||